Incidencia do mal do Panama (Fusarium oxysporum f. sp. cubense)em banana cultivar pacovan (Musa sp.)no estado da Paraiba [fungo, Brasil] (Registro n. 278162)
[ somente texto ]
| 000 -LÍDER | |
|---|---|
| campo de controle de tamanho fixo | 01089nac a22003257a 4500 |
| 001 - NÚMERO DE CONTROLE | |
| campo de controle | BR8404385 |
| 003 - IDENTIFICADOR DO NÚMERO DE CONTROLE | |
| campo de controle | BR-BrBNA |
| 005 - DATA E HORÁRIO DA ÚLTIMA TRANSAÇÃO | |
| campo de controle | 20240105120147.0 |
| 008 - CAMPO DE DADOS FIXOS--INFORMAÇÃO GERAL | |
| campo de controle de tamanho fixo | 230509b bl.|||m| |||| 00| 0 por d |
| 040 ## - FONTE DA CATALOGAÇÃO | |
| Instituição da catalogação original | BR-BrBNA |
| Idioma da catalogação | por |
| Instituição que transcreveu o registro | Biblioteca Nacional de Agricultura |
| 072 ## - CÓDIGO DE CATEGORIA DE ASSUNTO | |
| Código de Categoria de Assunto | H20 |
| 090 ## - NÚMERO DE CHAMADA LOCAL | |
| Número de chamada | 1112 BR8404385 |
| 100 1# - ENTRADA PRINCIPAL--NOME PESSOAL | |
| Nome pessoal | Lopes, E.B. |
| 100 1# - ENTRADA PRINCIPAL--NOME PESSOAL | |
| Nome pessoal | Melo, A.S. de |
| 100 1# - ENTRADA PRINCIPAL--NOME PESSOAL | |
| Nome pessoal | Mata, J.F. da |
| 110 1# - ENTRADA PRINCIPAL--NOME CORPORATIVO | |
| Nome corporativo ou nome da jurisdição | Empresa Estadual de Pesquisa Agropecuaria da Paraiba S.A., Joao Pessoa (Brasil) |
| 245 1# - TÍTULO | |
| Título | Incidencia do mal do Panama (Fusarium oxysporum f. sp. cubense)em banana cultivar pacovan (Musa sp.)no estado da Paraiba [fungo, Brasil] |
| 260 3# - PUBLICAÇÃO, DISTRIBUIÇÃO, ETC. | |
| Local de publicação, distribuição, etc. | Joao Pessoa, PB (Brasil): |
| Data da publicação, distribuição, etc. | 1984. |
| 300 ## - DESCRIÇÃO FÍSICA | |
| Extensão | 6 p. |
| 490 ## - TÍTULO DA SÉRIE | |
| Título da série | Comunicado Tecnico - Empresa Estadual de Pesquisa Agropecuaria da Paraiba S.A. (Brazil) |
| Número do volume ou designação sequencial da série | no. 6 |
| ISSN - International Standard Serial Number | ISSN 0101-9414 |
| 500 ## - NOTA GERAL | |
| Nota geral | 7 ref. |
| 650 ## - ASSUNTO--TERMO TÓPICO | |
| Cabeçalho tópico ou nome geográfico | BANANA |
| 650 ## - ASSUNTO--TERMO TÓPICO | |
| Cabeçalho tópico ou nome geográfico | VARIEDADE |
| 650 ## - ASSUNTO--TERMO TÓPICO | |
| Cabeçalho tópico ou nome geográfico | MAL DO PANAMA |
| 650 ## - ASSUNTO--TERMO TÓPICO | |
| Cabeçalho tópico ou nome geográfico | INFECCAO |
| 650 ## - ASSUNTO--TERMO TÓPICO | |
| Cabeçalho tópico ou nome geográfico | SINTOMA |
| 650 ## - ASSUNTO--TERMO TÓPICO | |
| Cabeçalho tópico ou nome geográfico | PARAIBA |
| 909 ## - | |
| -- | 202312 |
| -- | Lúcia Elande |
| -- | 55 |
| -- | Lúcia Elande |
| 942 ## - ELEMENTOS DE ENTRADA ADICIONADOS (KOHA) | |
| Fonte da classificação ou esquema de arquivamento na estante | Classificação AGRIS |
| Ocultar no OPAC | Não |
| Tipo de material Koha | Monografia Seriada |
| Situação do descarte | Fonte da classificação ou esquema de arquivamento na estante | Situação física | Não pode ser emprestado | Coleção | Biblioteca de origem | Biblioteca atual | Localização na estante | Total de empréstimos | Número de telefone completo | Código de barras | Data de último acesso | Tipo de material Koha | Fonte de aquisição |
|---|---|---|---|---|---|---|---|---|---|---|---|---|---|
| Classificação AGRIS | Biblioteca Nacional de Agricultura - Binagri | Biblioteca Nacional de Agricultura - Binagri | Agrobase - Acervo Geral | 1112 BR8404385 | 1112 BR8404385 | 18/12/2023 | Monografia Seriada | Portaria Interministerial nº 164/94 |

BINAGRI